000 01270cab a22002175a 4500
001 L153586
008 110808e20110729xxk 000 0 eng d
035 _a(Sirsi) u153586
041 0 _aeng
100 1 _aHatcher, David
245 0 0 _aMarkets
_bPorts, airports and rail freight
260 _c2011
490 0 _aProperty Week
_v77(30) 29 July 2011, 39-44(4)
520 _aManchester Airport Group is likely to bid for one or more ex BAA airports including Stansted, Glasgow or Edinburgh. Expansion ambitions of five south-east airports: Lydd, Manston, London Southend, London Luton, and Bournemouth. Rossington near Doncaster's 5.75 sq ft inland port development to see its first new buildings by the end of 2011. Starting in January 2012T Dover Harbour's sale process could contribute £300m towards the development of a new £400m terminal by the end of decade. Forth Ports taken over by Arcus Infrastructure Partners in June 2011 for £780m now aims to sell its 280 acre Leith project to another developer.
590 _aKA
651 4 _aUnited Kingdom
_y
690 _aPROPERTY-COMMERCIAL PROPERTY-COMMERCIAL PROPERTY MARKET
690 _aPROPERTY-COMMERCIAL PROPERTY-COMMERCIAL PROPERTY FINANCE AND INVESTMENT
700 1 _aAshfield, Kevin
942 _n0
999 _c83326
_d83326